Sin Trabajo (Registro nro. 4003)
[ vista simple ]
| 000 -LEADER | |
|---|---|
| fixed length control field | 01146 a2200325 4500 |
| 001 - CONTROL NUMBER | |
| control field | 45783 |
| 005 - DATE AND TIME OF LATEST TRANSACTION | |
| control field | 20260407155729.0 |
| 008 - FIXED-LENGTH DATA ELEMENTS--GENERAL INFORMATION | |
| fixed length control field | 260407a1997 arg spa d |
| 003 - CONTROL NUMBER IDENTIFIER | |
| control field | AR-UNSa-BCEJYS |
| 040 ## - CATALOGING SOURCE | |
| Original cataloging agency | AR-UNSa-BCEJYS |
| Language of cataloging | spa |
| Transcribing agency | AR-UNSa-BCEJYS |
| 080 ## - UNIVERSAL DECIMAL CLASSIFICATION NUMBER | |
| Universal Decimal Classification number | 331.567 |
| Common auxiliary subdivision | Consecuencias del desempleo. Medidas para combatir las consecuencias del desempleo |
| 020 ## - INTERNATIONAL STANDARD BOOK NUMBER | |
| International Standard Book Number | 950-03-7178-2 |
| 041 ## - LANGUAGE CODE | |
| Language code of text/sound track or separate title | spa |
| 100 1# - MAIN ENTRY--PERSONAL NAME | |
| Personal name | López, Néstor |
| 245 10 - TITLE STATEMENT | |
| Title | Sin Trabajo |
| Name of part/section of a work | las características del desempleo y sus efectos en la sociedad argentina |
| 250 ## - EDITION STATEMENT | |
| Edition statement | 2a. ed. |
| 264 #1 - PRODUCTION, PUBLICATION, DISTRIBUTION, MANUFACTURE, AND COPYRIGHT NOTICE | |
| Place of production, publication, distribution, manufacture | Buenos Aires : |
| Name of producer, publisher, distributor, manufacturer | Losada |
| Date of production, publication, distribution, manufacture, or copyright notice | 1997 |
| 300 ## - PHYSICAL DESCRIPTION | |
| Extent | 222 p. |
| Dimensions | 20 cm. |
| 505 ## - FORMATTED CONTENTS NOTE | |
| Formatted contents note | 1. Notas sobre el comportamiento del mercado de trabajo urbano / Luis Beccaria y Néstor López - 2. |
| 590 ## - LOCAL NOTE (RLIN) | |
| Local note | niveau_biblio:m niveau_hierar:0 |
| 700 1# - ADDED ENTRY--PERSONAL NAME | |
| Personal name | Beccaria, Luis A. |
| 700 1# - ADDED ENTRY--PERSONAL NAME | |
| Personal name | Feldman, Silvio |
| 700 1# - ADDED ENTRY--PERSONAL NAME | |
| Personal name | Galli, Vicente |
| 700 1# - ADDED ENTRY--PERSONAL NAME | |
| Personal name | Kessler, Gabriel |
| 700 1# - ADDED ENTRY--PERSONAL NAME | |
| Personal name | Malfé, Ricardo |
| 700 1# - ADDED ENTRY--PERSONAL NAME | |
| Personal name | Murmis, Miguel |
| 700 1# - ADDED ENTRY--PERSONAL NAME | |
| Personal name | Tokman, Víctor |
| 856 41 - ELECTRONIC LOCATION AND ACCESS | |
| Uniform Resource Identifier | <a href="https://www.biblioeco.unsa.edu.ar/pmb/images/libros/L127186.jpg">https://www.biblioeco.unsa.edu.ar/pmb/images/libros/L127186.jpg</a> |
| Link text | Imagen de portada |
| Electronic format type | image/jpeg |
| 942 ## - ADDED ENTRY ELEMENTS (KOHA) | |
| Koha item type | |
| Withdrawn status | Lost status | Damaged status | Not for loan | Home library | Current library | Shelving location | Date acquired | Total checkouts | Full call number | Barcode | Date last seen | Price effective from | Koha item type |
|---|---|---|---|---|---|---|---|---|---|---|---|---|---|
| Biblioteca Prof. Eusebio Cleto del Rey | Biblioteca Prof. Eusebio Cleto del Rey | 07/04/2026 | 331.567 B388 2ed. | L127186 | 07/04/2026 | 07/04/2026 | Libro |